A carregar...

Kailasa Yathra /

Detalhes bibliográficos
Autor principal: Vanabishu
Idioma:Undetermined
Publicado em: 1954.
LEADER 00372nam a2200121Ia 4500
001 86799
008 170722s9999 xx 000 0 und d
100 |a Vanabishu 
245 |a Kailasa Yathra / 
260 |c 1954. 
942 |c GEN 
999 |c 45979  |d 45979 
952 |0 0  |1 0  |4 0  |6 U_8_498000000000000_N_32J4  |7 0  |8 LC1  |9 64212  |a LIB  |b LIB  |d 2017-08-12  |h LC1  |o U8.498.N 32J4  |p 53199  |r 2017-08-12  |w 2017-08-12  |y GEN